000 00622cam a22001933a 4500
001 38966
003 PGUSA
005 20140828083848.0
008 120224s2012||||xxu|||||s|||||000 | eng d
040 _aPGUSA
_beng
042 _adc
245 1 4 _aThe Manifestation of the Miraculous Medal :
_bA Brief Account of Its History and of the Establishment of the Association
_h[electronic resource] /
_cAnonymous
260 _bProject Gutenberg,
_c2012
506 _aPublic domain in the USA.
516 _aElectronic text
830 0 _aProject Gutenberg
_v38966
856 4 0 _uhttp://www.gutenberg.org/ebooks/38966
942 _cEB
999 _c268219
_d268219